Catalog

Record Details

Catalog Search



Camino winds  Cover Image Book Book

Camino winds / John Grisham.

Grisham, John, (author.).

Summary:

"Welcome back to Camino Island, where anything can happen - even a murder in the midst of a hurricane, which might prove to be the perfect crime . . . Just as Bruce Cable's Bay Books is preparing for the return of bestselling author Mercer Mann, Hurricane Leo veers from its predicted course and heads straight for the island. Florida's governor orders a mandatory evacuation, and most residents board up their houses and flee to the mainland, but Bruce decides to stay and ride out the storm. The hurricane is devastating: homes and condos are leveled, hotels and storefronts ruined, streets flooded, and a dozen people lose their lives. One of the apparent victims is Nelson Kerr, a friend of Bruce's and an author of thrillers. But the nature of Nelson's injuries suggests that the storm wasn't the cause of his death: He has suffered several suspicious blows to the head. Who would want Nelson dead? The local police are overwhelmed in the aftermath of the storm and ill equipped to handle the case. Bruce begins to wonder if the shady characters in Nelson's novels might be more real than fictional. And somewhere on Nelson's computer is the manuscript of his new novel. Could the key to the case be right there - in black and white? As Bruce starts to investigate, what he discovers between the lines is more shocking than any of Nelson's plot twists - and far more dangerous. -- provided by publisher.

Record details

  • ISBN: 9780385545938
  • ISBN: 0385545932
  • ISBN: 9780385545952
  • ISBN: 0385545959
  • Physical Description: 292 pages ; 25 cm
  • Edition: First edition.
  • Publisher: New York : Doubleday, 2020.
Subject: Hurricanes > Fiction.
Bookstores > Fiction.
Antiquarian booksellers > Fiction.
Murder for hire > Fiction.
Florida > Fiction.
Genre: Thrillers (Fiction)
Detective and mystery fiction.
Novels.
Fiction.

Available copies

  • 2 of 2 copies available at scottsboropl.

Holds

  • 0 current holds with 2 total copies.
Show Only Available Copies
Location Call Number / Copy Notes Barcode Shelving Location Status Due Date
scottsboropl F Gri 32269001152068 Adult - Fiction Available -
scottsboropl F Gri 32269001182750 Storage - Adult Available -

LDR 02625nam a2200385Ii 4500
001154112
003SBPL
00520221013201313.0
008191128s2020 nyu 000 f eng d
020 . ‡a9780385545938 ‡q(hardcover)
020 . ‡a0385545932 ‡q(hardcover)
020 . ‡a9780385545952 ‡q(limited edition)
020 . ‡a0385545959 ‡q(limited edition)
035 . ‡a(CONS)154112
035 . ‡a(CPomAG)LMN617882
08204. ‡a813/.54 ‡223
1001 . ‡aGrisham, John, ‡eauthor.
24510. ‡aCamino winds / ‡cJohn Grisham.
250 . ‡aFirst edition.
264 1. ‡aNew York : ‡bDoubleday, ‡c2020.
300 . ‡a292 pages ; ‡c25 cm
336 . ‡atext ‡2rdacontent
337 . ‡aunmediated ‡2rdamedia
338 . ‡avolume ‡2rdacarrier
4901 . ‡aCamino Island ; ‡vBk 2
520 . ‡a"Welcome back to Camino Island, where anything can happen - even a murder in the midst of a hurricane, which might prove to be the perfect crime . . . Just as Bruce Cable's Bay Books is preparing for the return of bestselling author Mercer Mann, Hurricane Leo veers from its predicted course and heads straight for the island. Florida's governor orders a mandatory evacuation, and most residents board up their houses and flee to the mainland, but Bruce decides to stay and ride out the storm. The hurricane is devastating: homes and condos are leveled, hotels and storefronts ruined, streets flooded, and a dozen people lose their lives. One of the apparent victims is Nelson Kerr, a friend of Bruce's and an author of thrillers. But the nature of Nelson's injuries suggests that the storm wasn't the cause of his death: He has suffered several suspicious blows to the head. Who would want Nelson dead? The local police are overwhelmed in the aftermath of the storm and ill equipped to handle the case. Bruce begins to wonder if the shady characters in Nelson's novels might be more real than fictional. And somewhere on Nelson's computer is the manuscript of his new novel. Could the key to the case be right there - in black and white? As Bruce starts to investigate, what he discovers between the lines is more shocking than any of Nelson's plot twists - and far more dangerous. -- provided by publisher.
650 0. ‡aHurricanes ‡vFiction.
650 0. ‡aBookstores ‡vFiction.
650 0. ‡aAntiquarian booksellers ‡vFiction.
650 0. ‡aMurder for hire ‡vFiction.
651 0. ‡aFlorida ‡vFiction.
655 7. ‡aThrillers (Fiction) ‡2lcgft
655 7. ‡aDetective and mystery fiction. ‡2lcgft
655 7. ‡aNovels. ‡2lcgft
655 7. ‡aFiction. ‡2lcgft
8301 . ‡aGrisham, John. ‡tCamino Island ; ‡vBk 2.
901 . ‡a154112 ‡bUnknown ‡c154112 ‡tbiblio

Additional Resources